Dictionary of Physics (Record no. 95441)

MARC details
000 -LEADER
fixed length control field 00301pam a2200133 a 4500
020 ## - INTERNATIONAL STANDARD BOOK NUMBER
Terms of availability
041 ## - LANGUAGE CODE
Language code of text/sound track or separate title eng
082 ## - DEWEY DECIMAL CLASSIFICATION NUMBER
Classification number 530.3
Item number PIT
100 ## - MAIN ENTRY--PERSONAL NAME
Personal name Pitt , V.H .
245 ## - TITLE STATEMENT
Title Dictionary of Physics
Medium Textual Documents
260 ## - PUBLICATION, DISTRIBUTION, ETC.
Place of publication, distribution, etc. New York
Name of publisher, distributor, etc. Penguin Books Ltd
Date of publication, distribution, etc. 1984
300 ## - PHYSICAL DESCRIPTION
Extent 428p.
930 ## - EQUIVALENCE OR CROSS-REFERENCE-UNIFORM TITLE HEADING [LOCAL, CANADA]
Uniform title 18541
Holdings
Withdrawn status Lost status Damaged status Not for loan Collection Home library Current library Date acquired Source of acquisition Total Checkouts Full call number Barcode Date last seen Copy number Price effective from Koha item type
          Yashwantrao Mohite College of Arts, Science And Commerce, Pune Yashwantrao Mohite College of Arts, Science And Commerce, Pune 06/06/2022 The International Book Service Deccan Gymkhana Pu   530.3 PIT YMP-7851 24/02/2023 1 24/02/2023 Book